| 000 | 00701nam a2200181Ia 4500 | ||
|---|---|---|---|
| 008 | 100921s9999 xx 000 0 und d | ||
| 082 |
_b34150 _a301.42-3 थ 99 |
||
| 100 | _aसंत हेमलता,संत सुधीर. | ||
| 245 | _aविवाह माध्यम. | ||
| 260 |
_bश्रद्धा प्रकाशन, मुंबई. _c1999 |
||
| 300 |
_a52 _bअक्षरधारा प्रदर्शन. |
||
| 365 | _b20 | ||
| 520 | _aस.शा.कुटुंब-विवाह. | ||
| 630 | _aविवाह माध्यम. | ||
| 650 | _aस.शा.कुटुंब-विवाह. | ||
| 730 | _aविवाह माध्यम. | ||
| 942 | _cBOOK | ||
| 999 |
_c783263 _d783260 |
||